| 000 | 00572cab a2200229 4500 | ||
|---|---|---|---|
| 001 | A215 | ||
| 008 | 090401t1983 xxu||||| |||| 00| 0 eng d | ||
| 035 | _a(Sirsi) u27818 | ||
| 041 | _aeng | ||
| 100 | _aMackmin, David | ||
| 245 | _aAppraisal v valuation: some US differences | ||
| 260 | _c1983 | ||
| 350 | _a0 | ||
| 490 |
_aJournal of Valuation _v1(1) 1983, 17-23(7) |
||
| 650 | _aAPPRAISAL PRACTICE | ||
| 650 | _aCOMPARISON | ||
| 650 | _aUNITED STATES | ||
| 650 | _aVALUATION PRACTICE | ||
| 690 | _aRATING AND VALUATION | ||
| 942 | _n0 | ||
| 948 | _c04/03/1997 | ||
| 999 |
_c18746 _d18746 |
||